| LEADER | 00429nam a2200169Ia 4500 | ||
|---|---|---|---|
| 001 | CTU_79260 | ||
| 008 | 210402s9999 xx 000 0 und d | ||
| 082 | |a 332.4 | ||
| 082 | |b R649 | ||
| 100 | |a Robertson, D. H. | ||
| 245 | 0 | |a Money | |
| 245 | 0 | |c D. H. Robertson | |
| 260 | |a Chicago | ||
| 260 | |b The University of Chicago Press | ||
| 260 | |c 1957 | ||
| 650 | |a Money | ||
| 980 | |a Trung tâm Học liệu Trường Đại học Cần Thơ | ||